| 000 | 00606nam a2200241Ia 4500 | ||
|---|---|---|---|
| 003 | OSt | ||
| 005 | 20221007072713.0 | ||
| 006 | a|||||r|||| 00| 0 | ||
| 007 | ta | ||
| 008 | 221006b |||||||| |||| 00| 0 eng d | ||
| 024 | _a23,779 | ||
| 037 | _cTextual | ||
| 040 |
_aFLL _cFLL _beng |
||
| 041 |
_2eng _aeng |
||
| 082 | _aZ3:4, J7;K9 | ||
| 100 |
_aHeuston R.F.V. _9107290 |
||
| 245 | 0 | _aLaw of torts | |
| 250 | _a15th | ||
| 260 |
_aLondon _bSweet & Maxwell UK _c1969 |
||
| 300 |
_acxii,840p _ccm. |
||
| 942 |
_hZ3:4, J7;K9 _cTEXL _2CC |
||
| 999 |
_c1146764 _d1146764 |
||